Soccer Players Who Won UEFA Champions League - Sudden Death - Statistics

General Stats
  • This quiz has been taken 3,834 times
    944 since last reset
  • The average score is 5 of 10
Answers on the Grid
Answers color-coded by a green-red scale on the quiz's grid according to % correct below.
Alan Shearer
Antoine Griezmann
Cesc Fabregas
David de Gea
Dennis Bergkamp
Diego Maradona
Eden Hazard
Eric Cantona
Fabio Cannavaro
Fernando Torres
Francesco Totti
Gabriel Batistuta
Gianluigi Buffon
Hernan Crespo
Kevin De Bruyne
Kylian Mbappé
Lilian Thuram
Lionel Messi
Luis Suarez
Michael Ballack
Miroslav Klose
Neymar
Oliver Kahn
Patrick Vieira
Pavel Nedved
Philippe Coutinho
Robert Lewandowski
Ronaldo
Ruud van Nistelrooy
Sergio Agüero
Xavi Alonso
Zlatan Ibrahimovic
 
Answer Stats
Answer % Correct
Lionel Messi
67%
Luis Suarez
61%
Kevin De Bruyne
59%
Neymar
59%
Robert Lewandowski
53%
Eden Hazard
46%
Fernando Torres
36%
Xavi Alonso
36%
Oliver Kahn
25%
Philippe Coutinho
21%
No matching quizzes found
Score Distribution
Percent of People with Each Score
Percentile by Number Answered
Your Score History
You have not taken this quiz since the last reset